00821cam a22002291 4500001001300000003000400013005001700017008004100034010001700075035001900092040002500111050002200136100003300158245015500191260002300346300004900369410004700418504002800465650003400493650003500527710002900562gs 48000231 DLC20260227111354.0750326s1947 xx 000 0 eng  ags 48000231  a(OCoLC)1239246 aDLCcOAUdOCoLCdDLC00aQE81b.A15 no. 581 aPeterson, Carl G. B.,d1903-10aGround-water investigations in the Mobile area, Alabama.cPrepared by the U.S. Geological Survey in cooperation with the Geological Survey of Alabama. aUniversity,c1947. a32 p.billus., fold. map (in pocket)c23 cm.20aGeological Survey of AlabamatBulletinv58 a"References": p. 23-24. 0aGroundwaterzAlabamazMobile. 0aWater-supplyzAlabamazMobile.2 aGeological Survey (U.S.)